Установка для бесконтактного измерения зазора между поршнем и цилиндром ДВС; Разработка и практическое применение электронных ускорителей

Dades bibliogràfiques
Parent link:Разработка и практическое применение электронных ускорителей.— 1975.— С. 242-243
Altres autors: Каратаев В. Д. Владимир Дмитриевич, Кашковский В. В. Виктор Васильевич, Лукин А. Л., Руденко В. Н., Сорокин В. Б. Владимир Борисович
Idioma:rus
Publicat: 1975
Matèries:
Format: Capítol de llibre
KOHA link:https://koha.lib.tpu.ru/cgi-bin/koha/opac-detail.pl?biblionumber=296870

MARC

LEADER 00000naa2a2200000 4500
001 296870
005 20231101003041.0
035 |a (RuTPU)RU\TPU\book\321978 
035 |a RU\TPU\book\274648 
090 |a 296870 
100 |a 20150603d1975 k y0rusy50 ca 
101 0 |a rus 
102 |a RU 
200 1 |a Установка для бесконтактного измерения зазора между поршнем и цилиндром ДВС  |f В. Д. Каратаев [и др.] 
463 0 |0 (RuTPU)RU\TPU\book\254210  |t Разработка и практическое применение электронных ускорителей  |o материалы Всесоюзной конференции (3-5 сентября 1975 г., Томск)  |f Томский политехнический институт (ТПИ) ; под ред. В. Л. Чахлова   |v С. 242-243  |d 1975  |p 314 с. 
610 1 |a труды учёных ТПУ 
610 1 |a установки 
610 1 |a бесконтактные измерения 
610 1 |a зазоры 
610 1 |a поршни 
610 1 |a цилиндры 
610 1 |a двигатели внутреннего сгорания 
701 1 |a Каратаев  |b В. Д.  |c физик  |c доцент Томского политехнического университета, кандидат технических наук  |f 1944-  |g Владимир Дмитриевич  |2 stltpush  |3 (RuTPU)RU\TPU\pers\26558 
701 1 |a Кашковский  |b В. В.  |c физик  |c доцент Томского политехнического университета, кандидат технических наук  |f 1945-  |g Виктор Васильевич  |2 stltpush  |3 (RuTPU)RU\TPU\pers\27084 
701 1 |a Лукин  |b А. Л. 
701 1 |a Руденко  |b В. Н. 
701 1 |a Сорокин  |b В. Б.  |c физик  |c старший научный сотрудник Томского политехнического университета  |f 1946-  |g Владимир Борисович  |2 stltpush  |3 (RuTPU)RU\TPU\pers\28148 
801 1 |a RU  |b 63413507  |c 20131101 
801 2 |a RU  |b 63413507  |c 20150603  |g RCR 
942 |c BK